| 000 | 00521nam a22001457a 4500 | ||
|---|---|---|---|
| 020 | _a978-1-4075-1744-5 | ||
| 082 |
_a823 _bPER/H |
||
| 100 | _aHELEN PERELMAN | ||
| 245 |
_aHIGH SCHOOL MUSICAL _bHEART TO HEART |
||
| 260 |
_aUNITED KINGDOM _bPARRAGON _c2008 |
||
| 300 | _a125 | ||
| 520 | _aWITH GABRIELLA BAKING NON-STOP, AND TROY PRACTISING FOR STATES, CAN THEY FIND A MOMENT TO CELEBRATE VALENTINE'S DAY? AMD WILL SHARPAY'S DREAMS OF VICTORY BE FULFILLED | ||
| 650 |
_aSTORIES FROM EAST HIGH 6 _zUNITED KINGDOM |
||
| 942 | _cBK | ||
| 999 |
_c433 _d433 |
||